Flags of Regions of France Quiz - Statistics

General Stats
  • This quiz has been taken 30 times
  • The average score is 17 of 26
Answer Stats
Picture Answer % Correct
Corsica
95%
Mayotte
95%
Brittany
90%
Grand Est
90%
French Guiana
86%
Réunion
86%
Saint Martin
86%
Clipperton Island
76%
French Polynesia
76%
Guadeloupe
76%
New Caledonia
76%
Île-de-france
71%
Martinique
71%
Normandy
71%
Occitanie
67%
Saint Pierre and Miquelon
67%
Wallis and Futuna
57%
French Southern and Antarctic Lands
52%
Provence-Alpes-Côte d'Azur
52%
Saint Barthélemy
52%
Auvergne-Rhône-Alpes
48%
Bourgogne-Franche-Comté
48%
Pays de la Loire
48%
Nouvelle-Aquitaine
43%
Centre-Val de Loire
33%
Hauts-de-France
33%
No matching quizzes found
Score Distribution
Percent of People with Each Score
Percentile by Number Answered
Your Score History
You have not taken this quiz